Công nghệ sữa chữa máy công cụ /
Chương 1: Lập kế hoạch sửa chữa máy công cụ.
Salvato in:
| Autore principale: | |
|---|---|
| Altri autori: | |
| Natura: | Libro |
| Lingua: | Vietnamese |
| Pubblicazione: |
H. :
Khoa học kỹ thuật ,
1982
|
| Edizione: | In lần thứ 1 |
| Soggetti: | |
| Tags: |
Aggiungi Tag
Nessun Tag, puoi essere il primo ad aggiungerne! !
|
| Thư viện lưu trữ: | Thư viện Trường CĐ Kỹ Thuật Cao Thắng |
|---|
| LEADER | 01504nam a2200337 a 4500 | ||
|---|---|---|---|
| 001 | TVCDKTCT4773 | ||
| 003 | Thư viện trường Cao đẳng Kỹ thuật Cao Thắng | ||
| 005 | 20170605095546.0 | ||
| 008 | 060418 | ||
| 980 | \ | \ | |a Thư viện Trường CĐ Kỹ Thuật Cao Thắng |
| 024 | |a RG_1 #1 eb0 i1 | ||
| 041 | 0 | # | |a vie |
| 082 | # | # | |a 621.82 / |b NG527C-c |
| 100 | 1 | # | |a Nguyễn Ngọc Cảnh |
| 245 | 0 | 0 | |a Công nghệ sữa chữa máy công cụ / |c Nguyễn Ngọc Cảnh, Nguyễn Trọng Hải |
| 250 | # | # | |a In lần thứ 1 |
| 260 | # | # | |a H. : |b Khoa học kỹ thuật , |c 1982 |
| 300 | # | # | |a 447tr. ; |c 19cm |
| 520 | # | # | |a Chương 1: Lập kế hoạch sửa chữa máy công cụ. |
| 520 | # | # | |a Chương 2: Chuẩn bị sửa chữa máy. |
| 520 | # | # | |a Chương 3: Công nghệ tháo máy. |
| 520 | # | # | |a Chương 4: Sửa chữa các mối ghép cố định. |
| 520 | # | # | |a Chương 5: Công nghệ sữa chữa các chi tiết và cụm máy. |
| 520 | # | # | |a Chương 6: Công nghệ lắp máy. |
| 520 | # | # | |a Chương 7: Kiểm tra chất lượng gia công chi tiết máy, thử nghiệm máy. |
| 520 | # | # | |a Nội dung cuốn sách gồm 7 chương : |
| 650 | # | 4 | |a Cơ khí--Máy móc |
| 650 | # | 4 | |a Máy công cụ--Sửa chữa |
| 700 | 0 | # | |a Nguyễn Trọng Hải |
| 721 | # | # | |a CNKT Cơ khí |
| 841 | # | # | |b Kho Sách |j 100015433, 100020798 |